Znajomość Orlen Basket Ligi sezon 2024/2025 - Statystyki

Ogólne statystyki
  • Ten quiz został rozwiązany 12 razy
  • Średni wynik to 4 z 16
Statystyki odpowiedzi
Pytanie Odpowiedź % Poprawnych
Mistrz Polski? Legia Warszawa
100%
MVP sezonu regularnego? Kameron McGusty
73%
Sensacyjny zwycięzcaPucharu Polski? Górnik Wałbrzych
64%
Lider po sezonie regularnym? Anwil Włocławek
55%
Zawodnik który zakończył karierę, związany głównie z Toruniem Bartosz Diduszko
27%
Zwycięzca superpucharu Polski Śląsk Wrocław
27%
I najniższy? Loren Jackson
18%
Zawodnik z największą średnią zbiórek? Mate Vucić
18%
Najlepszy polski zawodnik? Andrzej Pluta
9%
Zawodnik z najwiekszą średnią asyst? Jovan Novak
9%
Najbardziej medialny klub? Trefl Sopot
9%
Najlepszy trener Orlen BasketLigi (Wybrany na gali zakończenia sezonu)? Wojciech Kamiński
9%
Drużyna która wygrałą mecz grając ośmioma zawodnikami w tym 15 latkiem? Dziki Warszawa
0%
Najwyższy zawodnik w Orlen Basket Lidze? Mattias Markusson
0%
Najgorsza ofensywa ligi? Spójnia Stargard
0%
Zawodnik Który rzuciłnajwięcej punktów w jednym meczu mianowicie 41? Teyvon Myers
0%
Nie znaleziono quizów pasujących do podanych kryteriów
Rozkład punktacji
Procent ludzi z każdym wynikiem
Percentyl według liczby udzielonych odpowiedzi
Twoja historia wyników
Nie rozwiązałeś tego quizu